000 01059nam a2200337 c 4500
999 _c50851
_d50851
001 50851
003 ES-MaCES
005 20180713135419.0
008 180709s2018 sp |||| | 000 ||spa d
017 _aBI 828-2018
_bDL
020 _a9788493895754
040 _aES-MaCES
_bspa
_cES-MaCES
100 1 _939204
_aMattio Lastra, Paula
245 1 3 _aLa igualdad, objetivo en la empresa
_b: marco legal, recomendaciones y buenas prácticas
_cPaula Mattio Lastra
260 _aGetxo (Vizcaya)
_aVessus
_b2018
300 _a189 p.
_c23 cm
504 _aBibliografía: p. 187-189
541 _cCompra
650 4 _aempresa
_928178
650 4 _aigualdad de oportunidades
_927183
650 4 _aigualdad de oportunidades en el empleo
_930649
650 4 _amujeres
_928657
650 4 _atrabajadora
_928413
650 4 _aEspaña
_926964
650 4 _aestudio de casos
_928846
650 4 _arepertorio de recomendaciones prácticas
_929261
650 4 _arégimen jurídico
_929894
653 1 0 _aMujer
902 _aLIB Libro
942 _2CES
_cBK
_h3.3.